Los cargos politicos y religiosos en la región del lago de Pátzcuaro (Record no. 10581)

MARC details
000 -CABECERA
campo de control de longitud fija 00926nam a2200253 a 4500
001 - NÚMERO DE CONTROL
campo de control BRL_1773
005 - FECHA Y HORA DE LA ÚLTIMA TRANSACCIÓN
campo de control 20190320211349.0
008 - DATOS DE LONGITUD FIJA--INFORMACIÓN GENERAL
campo de control de longitud fija 290715s1974----mx-a######---#000-0#spa-#
041 ## - CÓDIGO DE LENGUA
Código de lengua del texto/banda sonora o título independiente spa
044 ## - CÓDIGO DEL PAÍS DE LA ENTIDAD EDITORA/PRODUCTORA
Código MARC del país mx
050 #4 - SIGNATURA TOPOGRÁFICA DE LA BIBLIOTECA DEL CONGRESO
Número de clasificación F1219.1.M55
Número de documento/Ítem .S47 1974
100 1# - ENTRADA PRINCIPAL--NOMBRE DE PERSONA
Nombre de persona Sepúlveda y H., María Teresa
9 (RLIN) 27837
245 10 - MENCIÓN DE TÍTULO
Título Los cargos politicos y religiosos en la región del lago de Pátzcuaro
Mención de responsabilidad, etc. María Teresa Sepúlveda y H.
260 ## - PUBLICACIÓN, DISTRIBUCIÓN, ETC.
Lugar de publicación, distribución, etc. México
Nombre del editor, distribuidor, etc. Instituto Nacional de Antropología e Historia
Fecha de publicación, distribución, etc. 1974
300 ## - DESCRIPCIÓN FÍSICA
Extensión 138 p.
Otras características físicas il.
Dimensiones 26 cm.
440 #0 - MENCIÓN DE SERIE/PUNTO DE ACCESO ADICIONAL--TÍTULO
Título Colección científica. Etnología
Designación de volumen o secuencia 19
9 (RLIN) 27838
500 ## - NOTA GENERAL
Nota general Au2004
500 ## - NOTA GENERAL
Nota general Incluye dedicatoria a Ruth Lechuga.
504 ## - NOTA DE BIBLIOGRAFÍA, ETC.
Nota de bibliografía, etc. Bibliografía: p. 129-135
651 #4 - PUNTO DE ACCESO ADICIONAL DE MATERIA--NOMBRE GEOGRÁFICO
Nombre geográfico Pátzcuaro (Michoacán : México)
Subdivisión general Historia - Política y gobierno
9 (RLIN) 27839
651 #4 - PUNTO DE ACCESO ADICIONAL DE MATERIA--NOMBRE GEOGRÁFICO
Nombre geográfico Pátzcuaro (Michoacán : México)
Subdivisión general Historia - Religión y mitología
9 (RLIN) 27840
902 ## - CATALOGADOR
Iniciales GRL
942 ## - ELEMENTOS DE PUNTO DE ACCESO ADICIONAL (KOHA)
Fuente del sistema de clasificación o colocación Library of Congress Classification
Tipo de ítem Koha Libros
Holdings
Estado de retiro Estado de pérdida Estado dañado No para préstamo Localización permanente Ubicación/localización actual Fecha de adquisición Número de inventario Total de préstamos Signatura topográfica completa Código de barras Fecha visto por última vez Precio válido a partir de Tipo de ítem Koha
El ejemplar forma parte de la colección y puede ser consultado según las políticas vigentes.       Biblioteca Centro de Estudios Ruth D. Lechuga Biblioteca Centro de Estudios Ruth D. Lechuga 29/07/2015 Au2004   F1219.1.M55 .S47 1974 (Au2004) GRL01939 22/03/2019 22/03/2019 Libros